01750nam a2200493 i 4500001001900000003000900019005001700028008003900045015001700084020001500101035003600116035001400152035002100166035002300187040002800210041001300238080001600251080001000267080001000277100002900287245020700316246005600523260005800579300003500637336002700672337005400699338002800753380001600781380002300797388001400820504003400834650002100868650002600889658003700915658002800952648001400980650002300994651001601017655001801033650001601051700003101067700006001098856009801158991045784019705066KOSZ 00520240405063117.0081020s1999 pl a f |001 0 pol aPB 2010/2651 a8390601540 a(PL-WaBN)b2254575x-48omnis_nlop ab2254575x a(OCoLC)749451751 a(PL)b000002254575x aWA NcWA NdKOSZ 005/HR1 apolhger a351.79(430) a556.1 a628.21 aGeiger, Wolfgang.eAutor10aNowe sposoby odprowadzania wód deszczowych :bporadnik retencjonowania i infiltracji wód deszczowych do gruntu na terenach zabudowanych /cWolfgang Geiger i Herbert Dreiseitl ; przekł. Jan Brzeski.1 iTyt. oryg.:aNeue Wege für das Regenwasser,f1955 aBydgoszcz :bOficyna Wydawnicza Projprzem-Eko,c1999. a334 s. :bil. kolor. ;c21 cm. 2rdacontentaTekstbtxt 2rdamediaaBez urządzenia pośredniczącegobn 2rdacarrieraWoluminbnc aKsiążki aPublikacje fachowe a1901-2000 aBibliogr. s. 305-311. Indeks. 7aPrawo wodne2DBN 7aRetencja (hydrologia) aPrawo i wymiar sprawiedliwości aInżynieria i technika a1901-2000 7aHydrotechnika2DBN 7aNiemcy2DBN 7aPoradnik2DBN 7aDeszcz2DBN1 aDreiseitl, Herbert.eAutor1 aBrzeski, Janc(inżynieria środowiska)eTłumaczenie uhttp://koha.tu.koszalin.pl/cgi-bin/koha/opac-detail.pl?biblionumber=37038yKatalog online BPK